Analýza efektívnosti vysokých škôl na Slovensku
Saved in:
| Main Authors: | , |
|---|---|
| Format: | Book |
| Language: | Slovak |
| Published: |
Banská Bystrica :
Univerzita Mateja Bela v Banskej Bystrici,
2012
|
| Subjects: | |
| Tags: |
No Tags, Be the first to tag this record!
|
MARC
| LEADER | 00000nam a22000003a 4500 | ||
|---|---|---|---|
| 001 | stu276870 | ||
| 005 | 20150617230242.2 | ||
| 008 | 131028s2012----xo------------------slo-d | ||
| 020 | |a 978-80-557-0481-4 | ||
| 040 | |a STU |b slo | ||
| 041 | 0 | |a slo | |
| 044 | |a xo | ||
| 080 | |a 37 | ||
| 100 | 1 | |a Koróny, Samuel |4 aut | |
| 245 | 1 | |a Analýza efektívnosti vysokých škôl na Slovensku | |
| 260 | |a Banská Bystrica : |b Univerzita Mateja Bela v Banskej Bystrici, |c 2012 | ||
| 300 | |a 153 s | ||
| 650 | 7 | |a školy vysoké |2 stusub | |
| 650 | 7 | |a vzdelávanie vysokoškolské |2 stusub | |
| 650 | 7 | |a efektívnosť vzdelávania |2 stusub | |
| 650 | 7 | |a Slovensko 2009-2010 |2 stusub | |
| 700 | 1 | |a Hronec, Štefan |4 aut | |
| 996 | |b 284M085483 |c M*13551-1 |l MMKN |s A |a 24 |w stu276870_0001 | ||
| 996 | |b 284M085541 |c M*13551-2 |l MMKN |s A |a 24 |w stu276870_0003 | ||
| 996 | |b 284M085542 |c M*13551-3 |l MMKN |s A |a 24 |w stu276870_0004 | ||
| 996 | |b 284AU06141 |c A*9017 U |l AAKNAR |s A |a 24 |w stu276870_0005 | ||